000
00296nam a22001337a 4500
008
260220b ||||| |||| 00| 0 eng d
020
_a
9951050255
041
_a
eng
080
_a
340.141
100
_a
20.1
101
_a
roman
245
_a
Derkanun
_c
Dugagjini Ballkan Books
942
_2
udc
_c
BK
999
_c
60837
_d
60837